[Event "St Petersburg March op"]
[Site "St Petersburg"]
[Date "2009.04.08"]
[Round "8"]
[White "Kharitonov, Aleksandr"]
[Black "Khakimov, Timur"]
[Result "1/2-1/2"]
[WhiteElo "2180"]
[BlackElo "2291"]
[PlyCount "69"]
[EventDate "2009.03.30"]
[EventType "swiss"]
[EventRounds "9"]
[EventCountry "RUS"]
[SourceTitle "EXT 2012"]
[Source "ChessBase"]
[SourceDate "2011.11.24"]
[SourceVersion "1"]
[SourceVersionDate "2011.11.24"]
[SourceQuality "1"]

1. d4 Nf6 2. Nf3 g6 3. b3 d5 4. Bb2 Bg7 5. g3 0-0 6. Nbd2 Ne4 7. Bg2 c5 8. e3 Nc6 9. 0-0 b6 10. Nxe4 dxe4 11. Ne5 Nxe5 12. dxe5 Bb7 13. Qxd8 Raxd8 14. Rfd1 f6 15. exf6 exf6 16. Bf1 f5 17. Bc4+ Kh8 18. Bxg7+ Kxg7 19. Kf1 Kf6 20. Ke1 Bc8 21. Rxd8 Rxd8 22. Rd1 Rxd1+ 23. Kxd1 Be6 24. Bxe6 Kxe6 25. h4 h6 26. Kd2 Kd5 27. c4+ Ke5 28. Ke2 g5 29. hxg5 hxg5 30. Kf1 a6 31. Kg2 b5 32. a4 bxa4 33. bxa4 a5 34. Kh3 Kf6 35. g4 1/2-1/2

[Event "Petrovskaya Ladya op"]
[Site "Peterhof"]
[Date "2007.01.09"]
[Round "7"]
[White "Kharitonov, Aleksandr"]
[Black "Balakirev, Ilya"]
[Result "1-0"]
[WhiteElo "2056"]
[BlackElo "2176"]
[PlyCount "61"]
[EventDate "2007.01.03"]
[EventType "swiss"]
[EventRounds "9"]
[EventCountry "RUS"]
[SourceTitle "CBM 116 Extra"]
[Source "ChessBase"]
[SourceDate "2007.03.07"]
[SourceVersion "1"]
[SourceVersionDate "2007.03.07"]
[SourceQuality "1"]

1. d4 d5 2. Nf3 Nf6 3. c4 c6 4. Nc3 e6 5. e3 Nbd7 6. Bd3 dxc4 7. Bxc4 a6 8. 0-0 b5 9. Bd3 c5 10. Ne4 Bb7 11. Nxf6+ Nxf6 12. dxc5 Bxc5 13. Qe2 0-0 14. e4 e5 15. Bg5 Qe7 16. Rac1 Bb6 17. Nh4 Rad8 18. Nf5 Qe6 19. Bc2 Bd4 20. Bb3 Qb6 21. Bd5 Rd7 22. Bc6 Bxc6 23. Bxf6 Bxe4 24. Ne7+ Kh8 25. Bxg7+ Kxg7 26. Qg4+ Bg6 27. Qxd7 Bxb2 28. Rc6 Qa5 29. Qd6 Qxa2 30. Qf6+ Kh6 31. Nf5+ 1-0